Peña Gómez : (Registro nro. 7637)

Detalles MARC
000 -LIDER
fixed length control field 01188nam a2200349 a 4500
001 - NÚMERO DE CONTROL
Identificador de número de control 000014111
003 - IDENTIFICACDOR DE NÚMERO DE CONTROL
control field DO-SdBNP
005 - DATE AND TIME OF LATEST TRANSACTION
control field 20180323150627.0
007 - CAMPOS FIJOS DE DESCRIPCIÓN FÍSICA
fixed length control field 000014111
008 - ELEMENTOS DE LONGITUD FIJA
fixed length control field 091204t2009 dr a 001 0bspa d
020 ## - ISBN
International Standard Book Number 9993476617
040 ## - FUENTE DE CATALOGACIÓN
Agencia que crea de manera original el registro BPMSU
Idioma de catalogación spa
Agencia que realiza la transcripción BPMSU
082 #4 - NÚMERO DE CLASIFICACIÓN DECIMAL DE DEWEY
Classification number 923.27293
Item number P349s, 2009
100 1# - ASIENTO PRINCIPAL -- NOMBRE PERSONAL
Nombre personal Santana, Osvaldo
245 10 - MENCIÓN DE TITULO
Título Peña Gómez :
Subtítulo sus orígenes /
Mención de responsabilidad Osvaldo Santana ; ilustaciones Ramiro Manzano, José Manuel Rodríguez.
250 ## - MENCIÓN DE EDICION
Mención de edición 3a. ed.
260 ## - PUBLICACIÓN, DISTRIBUCIÓN, ETC. (PIE DE IMPRENTA)
Lugar de publicación, distribución, etc Santo Domingo :
Nombre del editor, distribuidor, etc. Tobogán,
Fecha de publicación, distribución, etc 2009.
300 ## - DESCRIPCIÓN FÍSICA
Extensión 100 p. :
Otros detalles físicos il. ;
Dimensiones 21 cm.
490 1# - MENCIÓN DE SERIES
Mención de serie Biografías Dominicanas Tobogán
600 14 - ENCABEZAMIENTO DE MATERIA--NOMBRE PERSONAL
Nombre personal PEÑA GÓMEZ, JOSÉ FRANCISCO,
Fechas asociadas con el nombre 1937-1998
650 #4 - ENCABEZAMIENTO DE MATERIA--TEMÁTICO
Término temático o nombre geográfico como elemento de entrada POLÍTICOS
Subdivisión geográfica REPÚBLICA DOMINICANA
651 #4 - ENCABEZAMIENTO DE MATERIA--NOMBRE GEOGRÁFICO
Nombre geográfico REPÚBLICA DOMINICANA
Subdivisión temática general HISTORIA
700 1# - ASIENTO SECUNDARIO -- NOMBRE PERSONAL
Nombre personal Manzano, Ramiro,
Mención de responsabilidad il.
700 1# - ASIENTO SECUNDARIO -- NOMBRE PERSONAL
Nombre personal Rodríguez, José Manuel,
Mención de responsabilidad il.
830 #0 - ASIENTO SECUNDARIO DE SERIE--TÍTULO UNIFORME
Título uniforme Biografías Dominicanas Tobogán
910 ## - VALIDACIÓN
Validación Validado. Control de calidad EMS.
942 ## - ADDED ENTRY ELEMENTS (KOHA)
Source of classification or shelving scheme Dewey Decimal Classification
Koha item type Libros
945 ## - INFORMACIÓN DE PROCESAMIENTO LOCAL
Información de procesamiento local Remanejado para la BPHU, 2018 / BT
956 ## - LOCAL ELECTRONIC LOCATION AND ACCESS (OCLC)
Nombre de host JPARRA
Número de acceso 10
Información de compresión 20091204
Inicio de sesión BND01
Procesador de solicitud 1102
956 ## - LOCAL ELECTRONIC LOCATION AND ACCESS (OCLC)
Nombre de host BTAVAREZ
Número de acceso 10
Información de compresión 20091208
Inicio de sesión BND01
Procesador de solicitud 1514
956 ## - LOCAL ELECTRONIC LOCATION AND ACCESS (OCLC)
Nombre de host VMATEO
Número de acceso 10
Información de compresión 20150415
Inicio de sesión BND01
Procesador de solicitud 00151
Existencias
Withdrawn status Lost status Source of classification or shelving scheme Damaged status Not for loan Collection code Home library Current library Date acquired Total Checkouts Full call number Barcode Date last seen Price effective from Koha item type Copy number
    Dewey Decimal Classification     Colección Dominicana Biblioteca Pública Metropolitana Salomé Ureña Biblioteca Pública Metropolitana Salomé Ureña 04/15/2015   923.27293 P349s, 2009 BPMSU15041260 04/15/2015 04/15/2015 Libros  
    Dewey Decimal Classification     Colección Dominicana Biblioteca Pública Metropolitana Salomé Ureña Biblioteca Pública Metropolitana Salomé Ureña 04/15/2015   923.27293 P349s, 2009 BPMSU15041261 04/15/2015 04/15/2015 Libros ej. 2